Hydrography for furthering India's influence in Indian Ocean and beyond (Record no. 509514)

000 -LEADER
fixed length control field 00683nam a22001697a 4500
082 ## - DEWEY DECIMAL CLASSIFICATION NUMBER
Classification number APPPA 2018-19\VIS
100 ## - MAIN ENTRY--PERSONAL NAME
Personal name Sharma, Vishal
9 (RLIN) 5443
245 ## - TITLE STATEMENT
Title Hydrography for furthering India's influence in Indian Ocean and beyond
Statement of responsibility, etc by Vishal Sharma
260 ## - PUBLICATION, DISTRIBUTION, ETC. (IMPRINT)
Place of publication, distribution, etc New Delhi
Name of publisher, distributor, etc Indian Institute of Public Administration
Date of publication, distribution, etc 2019
300 ## - PHYSICAL DESCRIPTION
Extent 146p.
500 ## - GENERAL NOTE
General note APPPA Dissertation, 2018-19, (Guide : Prof Vinod Kumar Sharma )
650 ## - SUBJECT ADDED ENTRY--TOPICAL TERM
Topical term or geographic name as entry element Sea-power. Indian Ocean. India -- History, Naval.
9 (RLIN) 6409
650 ## - SUBJECT ADDED ENTRY--TOPICAL TERM
Topical term or geographic name as entry element Indian Ocean.
9 (RLIN) 6410
650 ## - SUBJECT ADDED ENTRY--TOPICAL TERM
Topical term or geographic name as entry element India -- History, Naval.
9 (RLIN) 6411
650 ## - SUBJECT ADDED ENTRY--TOPICAL TERM
Topical term or geographic name as entry element Indian Ocean Region -- Civilization.
9 (RLIN) 6412
650 ## - SUBJECT ADDED ENTRY--TOPICAL TERM
Topical term or geographic name as entry element Indian Ocean Region -- History.
9 (RLIN) 6413
Holdings
Withdrawn status Lost status Source of classification or shelving scheme Damaged status Koha normalized classification for sorting Not for loan Permanent location Current location Date acquired Full call number Barcode Date last seen Price effective from Koha item type
        APPPA_201819VIS   Indian Institute of Public Administration Indian Institute of Public Administration 2019-05-13 APPPA 2018-19\VIS GR21101 2019-05-13 2019-05-13 GR

Powered by Koha